Русский костюм в фотографиях. Метаморфозы (Запись № 1790050)

Подробности
000 -МАРКЕР
контрольное поле 02735nam0a2200421 4500
001 - ИДЕНТИФИКАТОР ЗАПИСИ
контрольное поле RU\NLR\bibl\1506918
005 - ИДЕНТИФИКАТОР ВЕРСИИ
контрольное поле 20260407202839.0
010 ## - МЕЖДУНАРОДНЫЙ СТАНДАРТНЫЙ НОМЕР КНИГИ (ISBN)
Номер (ISBN) 978-5-387-00136-9
Тираж 3000
021 ## - НОМЕР ГОСУДАРСТВЕННОЙ РЕГИСТРАЦИИ
Код страны Российская Федерация
Номер 2010-1125и
Номер Листа государственной регистраци 97и
035 ## - ДРУГИЕ СИСТЕМНЫЕ НОМЕРА
Идентификатор записи (NLR Aleph) 001498336
100 ## - ДАННЫЕ ОБЩЕЙ ОБРАБОТКИ
Данные общей обработки 20100430d2010 |||y0rusy50 ca
101 0# - ЯЗЫК РЕСУРСА
Язык текста, звукозаписи и т.д. русский
-- английский
102 ## - СТРАНА ПУБЛИКАЦИИ ИЛИ ПРОИЗВОДСТВА
Страна публикации Российская Федерация
105 ## - ПОЛЕ КОДИРОВАННЫХ ДАННЫХ: ТЕКСТОВЫЕ МАТЕРИАЛЫ, МОНОГРАФИЧЕСКИЕ
Кодированные данные о монографическом текстовом документе a |||||||||
200 1# - ЗАГЛАВИЕ И СВЕДЕНИЯ ОБ ОТВЕТСТВЕННОСТИ
Основное заглавие Русский костюм в фотографиях. Метаморфозы
Параллельное заглавие Russian costume in photographs. Metamorphoses
Сведения, относящиеся к заглавию [каталог выставки в рамках Московского международного фестиваля "Мода и стиль в фотографиях. Меняющаяся красота", Москва, апрель-май 2009 г.
Первые сведения об ответственности А. Петрова, сост.
Последующие сведения об ответственности тексты: А. Петрова, К. Соловьева]
Язык параллельного заглавия английский
210 ## - ПУБЛИКАЦИЯ, РАСПРОСТРАНЕНИЕ И ДР.
Место издания, распространения и т.д. Москва
Имя издателя, распространителя и т. д. Слово/Slovo
Дата издания, распространения и т.д. 2010
215 ## - ФИЗИЧЕСКАЯ ХАРАКТЕРИСТИКА
Специфическое обозначение материала и объем 319, [1] с.
Другие сведения о физической характеристике ил., портр., цв. ил., портр.
Размеры 21
300 ## - ОБЩИЕ ПРИМЕЧАНИЯ
Текст примечания На обл.: Русский костюм
300 ## - ОБЩИЕ ПРИМЕЧАНИЯ
Текст примечания Часть текста на англ. яз.
510 1# - ПАРАЛЛЕЛЬНОЕ ЗАГЛАВИЕ
Параллельное заглавие Russian costume in photographs. Metamorphoses
Язык заглавия английский
512 0# - ЗАГЛАВИЕ ОБЛОЖКИ
Заглавие обложки Русский костюм
517 0# - ДРУГИЕ ВАРИАНТЫ ЗАГЛАВИЯ
Вариант заглавия Метаморфозы
517 0# - ДРУГИЕ ВАРИАНТЫ ЗАГЛАВИЯ
Вариант заглавия Metamorphoses
606 1# - НАИМЕНОВАНИЕ ТЕМЫ КАК ПРЕДМЕТ
Наименование темы Костюм русский
Формальный подзаголовок Каталоги
Тематический подзаголовок в фотографии художественной
-- Выставки
Географический подзаголовок Москва, город
Хронологический подзаголовок 2009
Системный номер авторитетной/нормативной записи 2566587
Идентификатор авторитетной/нормативной записи RU\NLR\auth\661517943
606 1# - НАИМЕНОВАНИЕ ТЕМЫ КАК ПРЕДМЕТ
Наименование темы Фотография художественная
Формальный подзаголовок Каталоги
Тематический подзаголовок Тематика
-- Выставки
Географический подзаголовок Москва, город
Хронологический подзаголовок 2009
Системный номер авторитетной/нормативной записи 2607502
Идентификатор авторитетной/нормативной записи RU\NLR\auth\661544060
686 ## - ИНДЕКСЫ ДРУГИХ КЛАССИФИКАЦИЙ
Индекс Щ126.63(2Р=Рус)л62
686 ## - ИНДЕКСЫ ДРУГИХ КЛАССИФИКАЦИЙ
Индекс Щ163(0)-3л62
702 #1 - ИМЯ ЛИЦА - ВТОРИЧНАЯ ОТВЕТСТВЕННОСТЬ
Код отношения Редактор
Графика поля Кириллица
Материалы, к которым относится поле rus
Начальный элемент ввода Петрова
Часть имени, кроме начального элемента ввода А. А.
Дополнения к именам, кроме дат канд. филол. наук, культуролог
Даты 1979-
Расширение инициалов личного имени Анна Александровна
Системный номер авторитетной/нормативной записи 63254
Идентификатор авторитетной/нормативной записи RU\NLR\AUTH\7780326
711 12 - НАИМЕНОВАНИЕ ОРГАНИЗАЦИИ - АЛЬТЕРНАТИВНАЯ ОТВЕТСТВЕННОСТЬ
Начальный элемент ввода "Русский костюм в фотографиях. Метаморфозы", выставка
Место проведения временной организации Москва
Дата проведения временной организации 2009
Системный номер авторитетной/нормативной записи 764874
Идентификатор авторитетной/нормативной записи RU\NLR\AUTH\8810134437
711 12 - НАИМЕНОВАНИЕ ОРГАНИЗАЦИИ - АЛЬТЕРНАТИВНАЯ ОТВЕТСТВЕННОСТЬ
Начальный элемент ввода "Мода и стиль в фотографиях. Меняющаяся красота", московский международный фестиваль
Дата проведения временной организации 2009
Системный номер авторитетной/нормативной записи 764875
Идентификатор авторитетной/нормативной записи RU\NLR\AUTH\8810134438
801 #0 - ИСТОЧНИК ЗАПИСИ
Страна Российская Федерация
Организация NLR
Дата составления 20100430
Правила каталогизации RCR
801 #1 - ИСТОЧНИК ЗАПИСИ
Страна Российская Федерация
Организация NLR
Дата составления 20100430
942 ## - ДОПОЛНИТЕЛЬНЫЕ ЭЛЕМЕНТЫ ЗАПИСИ (АБИС)
Тип экземпляра АБИС Книга
980 ## - КОЛЛЕКЦИЯ
Название коллекции Национальная библиография
Экземпляры
Тип экземпляра Дата поступления Источник поступления Библиотека постоянного хранения Библиотека текущего хранения Место хранения Шифр хранения Штрих-код Статус экземпляра
Книга 30.04.2010 Обязательный экземпляр РНБ (Садовая) РНБ (Садовая) Фонд эстампов и фотографий (изоизданий) Э АлИс630-63/2-18 3164036  
Книга 30.04.2010 Обязательный экземпляр РНБ (Садовая) РНБ (Садовая) Фонд международного книгообмена   3164037